<?xml version="1.0" encoding="UTF-8"?>
<record
    xmlns:xsi="http://www.w3.org/2001/XMLSchema-instance"
    xsi:schemaLocation="http://www.loc.gov/MARC21/slim http://www.loc.gov/standards/marcxml/schema/MARC21slim.xsd"
    xmlns="http://www.loc.gov/MARC21/slim">

  <leader>03127nam a2200553Ia 4500</leader>
  <controlfield tag="001">1489</controlfield>
  <controlfield tag="008">241029s9999    xx            000 0 und d</controlfield>
  <datafield tag="010" ind1=" " ind2=" ">
    <subfield code="a">1389</subfield>
  </datafield>
  <datafield tag="041" ind1=" " ind2=" ">
    <subfield code="a">Espa&#xF1;ol</subfield>
  </datafield>
  <datafield tag="082" ind1=" " ind2=" ">
    <subfield code="a">ST, MA-ES, 0004, FH, 1997</subfield>
  </datafield>
  <datafield tag="245" ind1=" " ind2="0">
    <subfield code="a">Conocimiento sobre la evaluaci&#xF3;n acad&#xE9;mica y pr&#xE1;ctica evaluativa de los profesores, en los Centros Regionales de la Universidad Aut&#xF3;noma de Santo Domingo.</subfield>
  </datafield>
  <datafield tag="260" ind1=" " ind2=" ">
    <subfield code="a">Santo Domingo</subfield>
  </datafield>
  <datafield tag="300" ind1=" " ind2=" ">
    <subfield code="a">127</subfield>
  </datafield>
  <datafield tag="520" ind1=" " ind2=" ">
    <subfield code="a">1</subfield>
  </datafield>
  <datafield tag="630" ind1=" " ind2=" ">
    <subfield code="a">Conocimientos previos</subfield>
  </datafield>
  <datafield tag="630" ind1=" " ind2=" ">
    <subfield code="a">Evaluaci&#xF3;n Acad&#xE9;mica</subfield>
  </datafield>
  <datafield tag="630" ind1=" " ind2=" ">
    <subfield code="a">Pr&#xE1;ctica Docente</subfield>
  </datafield>
  <datafield tag="650" ind1=" " ind2=" ">
    <subfield code="a">Calidad Docente</subfield>
  </datafield>
  <datafield tag="690" ind1=" " ind2=" ">
    <subfield code="a">Sintetizado</subfield>
  </datafield>
  <datafield tag="700" ind1=" " ind2=" ">
    <subfield code="e">asesor</subfield>
    <subfield code="a">De los Santos, Saturnino</subfield>
  </datafield>
  <datafield tag="700" ind1=" " ind2=" ">
    <subfield code="e">autor</subfield>
    <subfield code="a">Santiago P&#xE1;ez, Carmen Damaris</subfield>
  </datafield>
  <datafield tag="700" ind1=" " ind2=" ">
    <subfield code="e">autor</subfield>
    <subfield code="a">Camilo Mej&#xED;a, Leonela del Carmen </subfield>
  </datafield>
  <datafield tag="901" ind1=" " ind2=" ">
    <subfield code="a">{"1":"Santiago P&#xE1;ez","2":"Camilo Mej&#xED;a"}</subfield>
    <subfield code="b">{"1":"Carmen Damaris","2":"Leonela del Carmen "}</subfield>
  </datafield>
  <datafield tag="902" ind1=" " ind2=" ">
    <subfield code="a">1</subfield>
  </datafield>
  <datafield tag="903" ind1=" " ind2=" ">
    <subfield code="a">{"1":"De los Santos"}</subfield>
    <subfield code="b">{"1":"Saturnino"}</subfield>
  </datafield>
  <datafield tag="904" ind1=" " ind2=" ">
    <subfield code="a">Maestr&#xED;a en</subfield>
  </datafield>
  <datafield tag="905" ind1=" " ind2=" ">
    <subfield code="a">Ense&#xF1;anza Superior</subfield>
  </datafield>
  <datafield tag="906" ind1=" " ind2=" ">
    <subfield code="a">2</subfield>
  </datafield>
  <datafield tag="907" ind1=" " ind2=" ">
    <subfield code="a">NO APLICA</subfield>
  </datafield>
  <datafield tag="908" ind1=" " ind2=" ">
    <subfield code="a">NO APLICA</subfield>
  </datafield>
  <datafield tag="909" ind1=" " ind2=" ">
    <subfield code="a">Universidad Aut&#xF3;noma de Santo Domingo (UASD)</subfield>
  </datafield>
  <datafield tag="910" ind1=" " ind2=" ">
    <subfield code="a">NULL</subfield>
    <subfield code="b">NULL</subfield>
  </datafield>
  <datafield tag="911" ind1=" " ind2=" ">
    <subfield code="a">["1"]</subfield>
  </datafield>
  <datafield tag="912" ind1=" " ind2=" ">
    <subfield code="a">NO APLICA</subfield>
  </datafield>
  <datafield tag="913" ind1=" " ind2=" ">
    <subfield code="a">NULL</subfield>
  </datafield>
  <datafield tag="914" ind1=" " ind2=" ">
    <subfield code="a">01 de Enero de 1997</subfield>
  </datafield>
  <datafield tag="915" ind1=" " ind2=" ">
    <subfield code="a">21/11/19 04:11</subfield>
  </datafield>
  <datafield tag="916" ind1=" " ind2=" ">
    <subfield code="a">NULL</subfield>
  </datafield>
  <datafield tag="917" ind1=" " ind2=" ">
    <subfield code="a">NULL</subfield>
  </datafield>
  <datafield tag="918" ind1=" " ind2=" ">
    <subfield code="a">Educaci&#xF3;n para adultos</subfield>
  </datafield>
  <datafield tag="919" ind1=" " ind2=" ">
    <subfield code="a">["234","98","162"]</subfield>
  </datafield>
  <datafield tag="520" ind1=" " ind2=" ">
    <subfield code="a">El presente estudio de investigaci&#xF3;n se origina luego de una preocupaci&#xF3;n acad&#xE9;mico-administrativa derivada de las observaciones sobre la forma como se realizaba la evaluaci&#xF3;n acad&#xE9;mica en el Centro Regional Universitario del Nordeste, las constantes quejas y cuestionamientos de los estudiantes sobre los criterios y pr&#xE1;cticas evaluativas empleadas por los profesores. Tambi&#xE9;n, en las respuestas obtenidas en un sondeo realizado a trav&#xE9;s de las unidades de registro de los Centros Regionales sobre los anteriores aspectos y, el &#xED;ndice de reprobaci&#xF3;n de los estudiantes por asignatura.El estudio utiliz&#xF3; un dise&#xF1;o descriptivo; la poblaci&#xF3;n de inter&#xE9;s fueron 441 profesores residentes y viajeros de los cuales se tom&#xF3; una muestra probabil&#xED;stica de 206 individuos.Los resultados revelan que el nivel de conocimiento sobre la evaluaci&#xF3;n acad&#xE9;mica que los profesores perciben tener, se ubica en el rango definido como ligeramente alto. Mientras, el conocimiento real sobre lo mismo reflej&#xF3; estar en el rango ligeramente bajo.Respecto a la pr&#xE1;ctica evaluativa, los resultados muestran que la evaluaci&#xF3;n acad&#xE9;mica es una actividad que responde predominantemente a acciones o momentos asilados unos de otros y, aunque en menor grado, tiene un car&#xE1;cter continuo.Basadas en estos resultados, las autoras formulan algunas recomendaciones orientadas a remover las principales causas que dan origen a las dificultades documentales, y a reducir sus efectos del proceso educativo en los Centros Universitarios Regionales de la UASD.</subfield>
  </datafield>
  <datafield tag="921" ind1=" " ind2=" ">
    <subfield code="a">16</subfield>
  </datafield>
  <datafield tag="922" ind1=" " ind2=" ">
    <subfield code="a">16</subfield>
  </datafield>
  <datafield tag="923" ind1=" " ind2=" ">
    <subfield code="a">0</subfield>
  </datafield>
  <datafield tag="924" ind1=" " ind2=" ">
    <subfield code="a">NO APLICA</subfield>
  </datafield>
  <datafield tag="942" ind1=" " ind2=" ">
    <subfield code="c">Tesis</subfield>
  </datafield>
  <datafield tag="999" ind1=" " ind2=" ">
    <subfield code="c">1389</subfield>
    <subfield code="d">1389</subfield>
  </datafield>
</record>
